000 00539cam a22002174a 4500
005 20250605164320.0
008 250528s ||||||||||||||||||||||||d
035 _a22858
020 _a9780273685005
040 _aGR-AtMCL
_bgre
_dGR-AtMCL
_eAACR2
245 1 _aMARKETING COMMUNICATIONS
250 _a2
260 _bPrentice Hall,
_c2004
300 _a578
700 1 _aDe Pelsmacker Patrick
_92032
700 1 _aGeuens Maggie
_92033
700 1 _aVan Den Bergh Joeri
_98516
942 _cBK
999 _c7903
_d7903